000
00234 a2200097 4500
001
43001
100
_a
Titchmarsh
245
_a
Mathematics for the general reader
260
_a
London
_b
Hutchinson's Univ lib
_c
090
_c
26877
_d
26877
942
_a
NUST-CAE
_c
M
_c
18754
999
_c
278074
_d
278074